| 000 | 00000nam 2200000za 4500 |
| 001 | 9.848132 |
| 003 | CaOODSP |
| 005 | 20250423095158 |
| 007 | cr ||||||||||| |
| 008 | 171130s2018 onc o f000 0 ita d |
| 020 | |a978-0-660-24079-4 |
| 040 | |aCaOODSP|beng |
| 043 | |an-cn--- |
| 086 | 1 |aIu76-9/2018Ita-PDF|zIu76-9/2018T-PDF |
| 245 | 00|a[Consumed by debt? |h[electronic resource] : |bConsidering a fresh start? Information for consumers on the insolvency process]. |
| 250 | |a[Italian edition]. |
| 260 | |a[Ottawa] : |bInnovation, Science and Economic Development Canada, Office of the Superintendent of Bankruptcy Canada, |cc2018. |
| 300 | |a12 p. |
| 500 | |aCover title. |
| 500 | |aEnglish title provided by publisher. |
| 500 | |aIssued also in English under title: Consumed by debt? Considering a fresh start? Information for consumers on the insolvency process. |
| 520 | |a"This brochure has content that encourages consumers who are experiencing financial distress to visit a Licenced Insolvency Trustee (LIT) using clear and simple language. Consumed by debt? outlines a consumer’s insolvency options when they are facing challenging financial times, and explains that LITs are the only qualified professionals authorized to administer insolvency proceedings. The brochure also assists debtors in distinguishing LITs from debt consultants"--Provided by publisher. |
| 546 | |aText in Italian. |
| 692 | 07|2gccst|aDebt management |
| 692 | 07|2gccst|aBankruptcies |
| 692 | 07|2gccst|aPersonal finance |
| 710 | 1 |aCanada. |bInnovation, Science and Economic Development Canada. |
| 710 | 1 |aCanada. |bOffice of the Superintendent of Bankruptcy. |
| 775 | 08|tConsumed by debt? |w(CaOODSP)9.847982 |
| 792 | |t[Croulez-vous sous les dettes? |efre|w(CaOODSP)9.848133 |
| 856 | 40|qPDF|s241 KB|uhttps://publications.gc.ca/collections/collection_2018/isde-ised/Iu76-9-2018-ita.pdf |